Grupy ligi mistrzów w sezonie 2020/21. - Statystyki

Ogólne statystyki
  • Ten quiz został rozwiązany 119 razy
  • Średni wynik to 21 z 32
Statystyki odpowiedzi
Hint Odpowiedź % Poprawnych
Grupa G Barcelona
94%
Grupa B Real Madryt
93%
Grupa A Bayern
92%
Grupa C Manchester City
92%
Grupa H PSG
91%
Grupa H Manchester United
90%
Grupa E Chelsea
87%
Grupa G Juventus
87%
Grupa A Atletico Madryt
86%
Grupa D Liverpool
85%
Grupa B Inter
81%
Grupa F Borussia Dortmund
80%
Grupa H RB Lipsk
74%
Grupa C Porto
72%
Grupa E Sevilla
70%
Grupa G Dynamo Kijów
66%
Grupa D Atalanta
65%
Grupa D Ajax
63%
Grupa F Lazio
62%
Grupa F Zenit
59%
Grupa B Szachtar Donieck
57%
Grupa A Lokomotiv Moskwa
50%
Grupa C Marsylia
47%
Grupa A Salzburg
47%
Grupa B Borussia Monchengladbach
45%
Grupa F Club Brugge
39%
Grupa G Ferencvaros
37%
Grupa E Krasnodar
37%
Grupa C Olympiakos
36%
Grupa E Rennes
36%
Grupa H Basaksehir
31%
Grupa D Midtjylland
17%
Nie znaleziono quizów pasujących do podanych kryteriów
Rozkład punktacji
Procent ludzi z każdym wynikiem
Percentyl według liczby udzielonych odpowiedzi
Twoja historia wyników
Nie rozwiązałeś tego quizu